000 00651nam a22002057a 4500
005 20250912152134.0
010 _aENG-142962
020 _a9789355017468
_c650.00
035 _aEN-126494
037 _bDBAD
082 _a000
_21
100 _aAggarwal, R.S.
_985041
245 _aSSC Mathematics/
_bR.S. Aggarwal
250 _a1
260 _aUttar Pradesh
_bS Chand and Company Limited
_c2025
270 _aD-92, Sector-2, Noida
_bUttar Pradesh
_e201301
_k91-120-4682700
300 _avpp.
_c24cm(pb)
500 _a6500+ TCS MCQs For SSC CGL, CHSL, GD, CPO Exam, MTS, Stenographer Exams 2025
942 _2ddc
_cEN
_h000
_mAGG
_e1
999 _c207621
_d207621